LEADER 00935nam0-22003131i-450- 001 990000052600403321 035 $a000005260 035 $aFED01000005260 035 $a(Aleph)000005260FED01 035 $a000005260 100 $a20011111d--------km-y0itay50------ba 101 0 $aita 105 $ay-------001yy 200 1 $aFerrovie e tramvie$ecostruzioni, materiali, esercizio, tecnologie dei trasporti$emanuale completo del costruttore-esercente ferroviario$fPietro Oppizzi. 210 $aMilano$cU. Hoepli$d1913 215 $aXXI, 1067, 64 p.$cill., 2 tav. f.t.$d15 cm 225 1 $aManuali Hoepli 610 0 $aFerrovie 610 0 $aTramvie 676 $a625.1 700 1$aOppizzi,$bPietro$0331995 801 0$aIT$bUNINA$gRICA$2UNIMARC 901 $aBK 912 $a990000052600403321 952 $a13 G 61 13$b875$fFINBC 959 $aFINBC 996 $aFerrovie e tramvie$9112047 997 $aUNINA DB $aING01 LEADER 00949nam0-22003251i-450- 001 990000476880403321 005 20121126112336.0 035 $a000047688 035 $aFED01000047688 035 $a(Aleph)000047688FED01 035 $a000047688 100 $a20020821d1955----km-y0itay50------ba 101 0 $aeng 102 $aUS 105 $aa-------001yy 200 1 $aDielectric behavior and structure$edielectric constant and loss, dipole momentand molecular structure$fCharles Phelps Smyth 210 $aNew York$cMcGraw-Hill$d1955 215 $aX, 441 p.$cill.$d24 cm 610 0 $aDielettrici 676 $a537.24 700 1$aSmyth,$bCharles Phelps$026147 801 0$aIT$bUNINA$gRICA$2UNIMARC 901 $aBK 912 $a990000476880403321 952 $a10 B I 43$b4332$fDINEL 952 $a14 C.032.028$b6774$fDINMP 959 $aDINEL 959 $aDINMP 996 $aDielectric behavior and structure$9332089 997 $aUNINA LEADER 02226oam 2200589 450 001 9910706791703321 005 20171227114023.0 035 $a(CKB)5470000002457536 035 $a(OCoLC)896810025 035 $a(OCoLC)995470000002457536 035 $a(EXLCZ)995470000002457536 100 $a20141123d1970 ua 0 101 0 $aeng 135 $aurmn||||||||| 181 $ctxt$2rdacontent 182 $cc$2rdamedia 183 $acr$2rdacarrier 200 10$aIllustrations of plant microfossils from the Yazoo Clay (Jackson Group, upper Eocene) Mississippi /$fby Robert H. Tschudy and Sharon D. Van Loenen 210 1$aWashington :$cUnited States Department of the Interior, Geological Survey,$d1970. 215 $a1 online resource (iii, E5 pages, 5 unnumbered pages of plates) $cmap 225 1 $aGeological Survey professional paper ;$v643-E 225 1 $aContributions to paleontology 300 $aTitle from title screen (viewed September 30, 2014). 320 $aIncludes bibliographical references (pages E2-E3) and index. 330 $a"An assemblage of Yazoo Clay palynomorphs is illustrated and discussed briefly; tentative taxonomic identifications are made to the generic level." 517 $aIllustrations of plant microfossils from the Yazoo Clay 606 $aPaleobotany$yEocene 606 $aPalynology$zMississippi$zHinds County 606 $aPalynology$zMississippi$zYazoo County 606 $aEocene Geologic Epoch$2fast 606 $aPaleobotany$2fast 606 $aPalynology$2fast 607 $aMississippi$zHinds County$2fast 607 $aMississippi$zYazoo County$2fast 615 0$aPaleobotany 615 0$aPalynology 615 0$aPalynology 615 7$aEocene Geologic Epoch. 615 7$aPaleobotany. 615 7$aPalynology. 700 $aTschudy$b Robert H.$065314 702 $aVan Loenen$b Sharon D. 712 02$aGeological Survey (U.S.), 801 0$bCOP 801 1$bCOP 801 2$bOCLCO 801 2$bOCLCF 801 2$bGPO 906 $aBOOK 912 $a9910706791703321 996 $aIllustrations of plant microfossils from the Yazoo Clay (Jackson Group, upper Eocene) Mississippi$93497505 997 $aUNINA LEADER 03354nam 2200853z- 450 001 9910595075803321 005 20231214133342.0 035 $a(CKB)5680000000080768 035 $a(oapen)https://directory.doabooks.org/handle/20.500.12854/92067 035 $a(EXLCZ)995680000000080768 100 $a20202209d2022 |y 0 101 0 $aeng 135 $aurmn|---annan 181 $ctxt$2rdacontent 182 $cc$2rdamedia 183 $acr$2rdacarrier 200 10$aSmart Cities and Positive Energy Districts: Urban Perspectives in 2021 210 $aBasel$cMDPI Books$d2022 215 $a1 electronic resource (186 p.) 311 $a3-0365-4913-7 311 $a3-0365-4914-5 330 $aThe book Smart Cities and Positive Energy Districts: Urban Perspectives in 2020 is the second book published by MDPI on the topic. It highlights the most recent internationally/nationally funded projects on Smart Cities and Positive Energy Districts, providing readers with an overview of the most recent and effective solutions to support the transition of urban areas towards climate neutrality as well as inspiring solutions not only for researchers but for local governments who seek to transform urban areas into sustainable places. 517 $aSmart Cities and Positive Energy Districts 606 $aResearch & information: general$2bicssc 606 $aPhysics$2bicssc 610 $abuilding dynamics 610 $aoccupants' comfort 610 $aenergy efficiency 610 $ainformation and communication technologies 610 $aCOVID-19 scenario 610 $ahuman interaction 610 $aPositive Energy District 610 $asmart districts 610 $abuilding performance simulation 610 $asustainable large-scale renovation model 610 $aDriving Urban Transition 610 $aRenovation Wave 610 $aneighbourhoods 610 $apositive energy districts 610 $asustainable urban areas 610 $aenergy production 610 $aenergy flexibility 610 $aeconomic costs 610 $aindoor environmental quality 610 $asocial performance 610 $aPositive Energy Districts 610 $aurban typology 610 $aenergy modelling 610 $aenergy and climate goals 610 $asustainable urban development 610 $aenergy sufficiency 610 $adeep energy retrofit 610 $abuilding thermal mass 610 $apositive energy district 610 $ayearly energy balance 610 $aseasonal energy balance 610 $aresidential buildings 610 $adistrict heating 610 $arenewable energy resources 610 $aPED boundary 610 $amulti-criteria decision analyses 610 $ageographic information systems 610 $aGIS overlay analyses 610 $apositive energy district (PED) 610 $aenabling solution for PED transition 610 $aenergy efficiency in buildings and real estate 615 7$aResearch & information: general 615 7$aPhysics 700 $aMaestosi$b Paola Clerici$4edt$01318429 702 $aMaestosi$b Paola Clerici$4oth 906 $aBOOK 912 $a9910595075803321 996 $aSmart Cities and Positive Energy Districts: Urban Perspectives in 2021$93035008 997 $aUNINA LEADER 02587nam 2200529 450 001 9910787311203321 005 20200520144314.0 010 $a1-4616-7422-0 035 $a(CKB)2670000000396843 035 $a(EBL)1173391 035 $a(OCoLC)854971638 035 $a(SSID)ssj0000955497 035 $a(PQKBManifestationID)12377840 035 $a(PQKBTitleCode)TC0000955497 035 $a(PQKBWorkID)10956447 035 $a(PQKB)11267487 035 $a(MiAaPQ)EBC1173391 035 $a(Au-PeEL)EBL1173391 035 $a(CaPaEBR)ebr10784825 035 $a(EXLCZ)992670000000396843 100 $a20100518d2011 uy 0 101 0 $aeng 135 $aurcnu|||||||| 181 $ctxt 182 $cc 183 $acr 200 10$aWest Side story $ecultural perspectives on an American musical /$fElizabeth A. Wells 210 1$aLanham, Md. :$cScarecrow Press,$d2011. 215 $a1 online resource (327 p.) 300 $aDescription based upon print version of record. 311 $a0-8108-7666-3 320 $aIncludes bibliographical references (pages 277-298), discography (pages 275-276), and index. 327 $a"There's a place for us" : reflections on an American musical -- From Gangway! to Broadway : genesis of the musical -- "Music about music" : Bernstein and West Side story -- "Mambo!" : West Side story and the Hispanic -- "I and Velma ain't dumb" : the women of West Side story -- "A boy like that" : the gangs of West Side story -- From the West Side to the East Side : reception and revision -- "Finale" -- Appendix A: Lyrics to select songs -- Appendix B: Chronology -- Appendix C: Cast and crew of various productions, including award nominations and wins. 330 $aWest Side Story: Cultural Perspectives on an American Musical presents a major scholarly study of the famous American musical West Side Story, viewing the work from cultural, historical, and musical perspectives. From the ""mambo craze"" of the 1950's to the work's ongoing permeation of popular culture, Wells looks at the myriad ways in which this canonic musical reflects and refracts American culture. 606 $aMusicals$zUnited States$xHistory and criticism 606 $aPopular culture$zNew York (State)$zNew York 615 0$aMusicals$xHistory and criticism. 615 0$aPopular culture 676 $a782.1/4 700 $aWells$b Elizabeth Anne$f1964-$01508307 801 0$bMiAaPQ 801 1$bMiAaPQ 801 2$bMiAaPQ 906 $aBOOK 912 $a9910787311203321 996 $aWest Side story$93739647 997 $aUNINA LEADER 01175nam0 22003011i 450 001 UON00051717 005 20231205102228.803 010 $a28-502-1096-X 100 $a20020107d1997 |0itac50 ba 101 $afre 102 $aFR 105 $a|||| 1|||| 200 1 $aˆLes ‰araméens à l'age du fer$eHistoire politique et structure politique$fpar P.E. Dion 210 $aParis$cLecoffre ; Gabalda$d1997 215 $a472 p., 24 p. di tav.,$d24 cm 316 $afatt. M 319315 4.1.01$5IT-UONSI SIPAX/005 606 $aMEDIO ORIENTE$xPREISTORIA$3UONC004118$2FI 620 $aFR$dParis$3UONL002984 686 $aSIPA X$cSIRIA E PALESTINA - ARCHEOLOGIA$2A 700 1$aDION$bP.-E.$3UONV033383$0651319 712 $aGabalda$3UONV246395$4650 712 $aLecoffre$3UONV246975$4650 801 $aIT$bSOL$c20240220$gRICA 899 $aSIBA - SISTEMA BIBLIOTECARIO DI ATENEO$2UONSI 912 $aUON00051717 950 $aSIBA - SISTEMA BIBLIOTECARIO DI ATENEO$dSI SIPA X 005 $eSI SA 95062 7 005 fatt. M 319315 4.1.01 996 $aAraméens à l'age du fer$91145128 997 $aUNIOR LEADER 03072nam 2200589 450 001 9910817174503321 005 20170821171911.0 010 $a0-8218-7886-7 010 $a0-8218-5632-4 035 $a(CKB)3240000000069822 035 $a(EBL)3113024 035 $a(SSID)ssj0001048643 035 $a(PQKBManifestationID)11673215 035 $a(PQKBTitleCode)TC0001048643 035 $a(PQKBWorkID)11016068 035 $a(PQKB)10910262 035 $a(MiAaPQ)EBC3113024 035 $a(WaSeSS)Ind00039391 035 $a(RPAM)12772543 035 $a(PPN)197106234 035 $a(EXLCZ)993240000000069822 100 $a20020513h20022002 uy| 0 101 0 $aeng 135 $aur|n|---||||| 181 $ctxt 182 $cc 183 $acr 200 10$aCombinatorial and geometric group theory $eAMS special session, combinatorial group theory, November 4-5, 2000, New York, New York : AMS special session, computational group theory, April 28-29, 2001, Hoboken, New Jersey /$fSean Cleary [and three others], editors 210 1$aProvidence, Rhode Island :$cAmerican Mathematical Society,$d[2002] 210 4$d©2002 215 $a1 online resource (290 p.) 225 1 $aContemporary mathematics,$x0271-4132 ;$v296 300 $aDescription based upon print version of record. 311 $a0-8218-2822-3 320 $aIncludes bibliographical references. 327 $a""Contents""; ""Preface""; ""Open problems in combinatorial group theory. Second edition""; ""1. Outstanding Problems""; ""2. Free Groups""; ""3. One-relator Groups""; ""4. Finitely Presented Groups""; ""5. Hyperbolic and Automatic Groups""; ""6. Braid Groups""; ""7. Nilpotent Groups""; ""8. Metabelian Groups""; ""9. Solvable Groups""; ""10. Groups of Matrices""; ""11. Growth""; ""Boundaries of hyperbolic groups""; ""Thin groups of fractions""; ""Every abelian group universally equivalent to a discriminating group is elementarily equivalent to a discriminating group"" 327 $a""Weakly finitely presented infinite periodic groups""""Positively generated subgroups of free groups and the Hanna Neumann conjecture""; ""On the proalgebraic completion of a finitely generated group""; ""On the Andrews-Curtis equivalence""; ""Test ranks of finitely generated abelian groups""; ""Classification of the finite generalized tetrahedron groups""; ""Fixed subgroups in free groups: A survey""; ""Automorphisms of surfaces"" 410 0$aContemporary mathematics (American Mathematical Society) ;$vv. 296. 606 $aCombinatorial group theory$vCongresses 606 $aGeometric group theory$vCongresses 615 0$aCombinatorial group theory 615 0$aGeometric group theory 676 $a512/.2 702 $aCleary$b Sean$f1965- 712 12$aAMS special session, computational group theory$f(April 28-29, 2001 :$eHoboken, New Jersey), 801 0$bMiAaPQ 801 1$bMiAaPQ 801 2$bMiAaPQ 906 $aBOOK 912 $a9910817174503321 996 $aCombinatorial and geometric group theory$9377466 997 $aUNINA LEADER 05250oam 2201273 c 450 001 9910404115003321 005 20260302090207.0 010 $a9783732851706 010 $a3732851702 010 $a9783839451700 010 $a3839451701 024 7 $a10.14361/9783839451700 035 $a(CKB)4100000011249085 035 $a(DE-B1597)544756 035 $a(DE-B1597)9783839451700 035 $a(OCoLC)1158172883 035 $a(MiAaPQ)EBC6755449 035 $a(Au-PeEL)EBL6755449 035 $a(transcript Verlag)9783839451700 035 $a(MiAaPQ)EBC6956168 035 $a(Au-PeEL)EBL6956168 035 $a(oapen)https://directory.doabooks.org/handle/20.500.12854/30752 035 $a(MiAaPQ)EBC30386351 035 $a(Au-PeEL)EBL30386351 035 $a(Perlego)1587314 035 $a(EXLCZ)994100000011249085 100 $a20260302d2020 uy 0 101 0 $ager 135 $aur||||||||||| 181 $ctxt$2rdacontent 182 $cc$2rdamedia 183 $acr$2rdacarrier 200 10$aNormalität und Subjektivierung$eEine biographische Untersuchung im Übergang aus der stationären Jugendhilfe$fAngela Rein 205 $a1st ed. 210 $aBielefeld$ctranscript Verlag$d2020 215 $a1 online resource (438 p.) 225 0 $aPädagogik 300 $aWhat does normality do with young adults who have grown up in stationary youth welfare services? A biographical analysis of processes of subjectivation in stationary youth welfare. 311 08$a9783837651706 311 08$a3837651703 327 $aFrontmatter 1 Inhalt 5 Dank 9 Einleitung 11 1 Das Feld der stationa?ren Jugendhilfe 21 2 Theoretische und methodologische Perspektiven 43 3 Methodische Herangehensweise 99 4 Einfu?hrung in die Einzelfallanalysen 139 5 Falldarstellung Elif Yldz 143 6 Falldarstellung Celina Schweizer 209 7 Falldarstellung Nazar Sautin 275 8 Biographien zwischen Prozessen der ?Ent-Normalisierung? und ?Ringen um Normalita?t? 333 9 Ausblick 389 Literatur 401 Interviewleitfaden 429 Transkriptionszeichen 433 330 $aWelche Bedeutungen haben Normalitätskonstruktionen von Care Leaver*innen aus biographischer Perspektive? Wie wird in der stationären Jugendhilfe Biographie konstruiert? Welches widerständige Potenzial entwickeln die jungen Erwachsenen und welche Rolle spielen hierbei Differenz- und Machtverhältnisse? Auf der Basis von biographischen Erzählungen gibt Angela Rein Einsichten in Subjektivierungsprozesse in der stationären Jugendhilfe. Ihre adressat*innenbezogene und subjektivierungstheoretisch inspirierte Studie leistet damit einen zentralen Beitrag zu bislang wenig beachteten Aspekten der Care-Leaver*innen-Forschung. 330 1 $a»Das vorliegende Buch ist ein weiterer wichtiger Beitrag in der deutschsprachigen Forschung zu Care Leavern und Leaving Care.Ein wichtiges Plädoyer für weniger Stigmatisierungen bzw. Kategorisierungen und dafür mehr Diversität in Erziehungshilfen.« 410 0$aPädagogik 517 2 $aRein, Normalität und Subjektivierung$eEine biographische Untersuchung im Übergang aus der stationären Jugendhilfe 606 $aLeaving Care 606 $aCare Leaver 606 $aNormalität 606 $aNormality 606 $aÜbergänge 606 $aTransitions 606 $aIntersektionalität 606 $aIntersectionality 606 $aBiographie 606 $aBiography 606 $aSubjektivierung 606 $aSubjectivation 606 $aAdressat*innenforschung 606 $aChildren and Youth Aid 606 $aKinder- und Jugendhilfe 606 $aSocial Pedagogy 606 $aSozialpädagogik 606 $aSocial Work 606 $aSoziale Arbeit 606 $aSocial Inequality 606 $aSoziale Ungleichheit 606 $aFamily 606 $aFamilie 606 $aYouth 606 $aJugend 606 $aPedagogy 606 $aSozialarbeit 606 $aPädagogik 615 4$aLeaving Care 615 4$aCare Leaver 615 4$aNormalität 615 4$aNormality 615 4$aÜbergänge 615 4$aTransitions 615 4$aIntersektionalität 615 4$aIntersectionality 615 4$aBiographie 615 4$aBiography 615 4$aSubjektivierung 615 4$aSubjectivation 615 4$aAdressat*innenforschung 615 4$aChildren and Youth Aid 615 4$aKinder- und Jugendhilfe 615 4$aSocial Pedagogy 615 4$aSozialpädagogik 615 4$aSocial Work 615 4$aSoziale Arbeit 615 4$aSocial Inequality 615 4$aSoziale Ungleichheit 615 4$aFamily 615 4$aFamilie 615 4$aYouth 615 4$aJugend 615 4$aPedagogy 615 4$aSozialarbeit 615 4$aPädagogik 700 $aRein$b Angela$p
Angela Rein, Hochschule für Soziale Arbeit FHNW, Schweiz
$4aut$01888470 712 02$aSwiss National Science Foundation (SNSF)$4fnd$4http://id.loc.gov/vocabulary/relators/fnd 801 0$bDE-B1597 801 1$bDE-B1597 906 $aBOOK 912 $a9910404115003321 996 $aNormalität und Subjektivierung$94527386 997 $aUNINA